000 00538nam a2200181Ia 4500
008 090123s9999 xx 000 0 und d
082 _b14707
_a891.463/गांगल
100 _aगांगल वसंत
245 _aरेशीम गांठ
250 _a1
260 _bरंजना प्रकाशन
300 _a160
600 _aगांगल वसंत
630 _aरेशीम गांठ
700 _aगांगल वसंत
730 _aरेशीम गांठ
942 _cBOOK
999 _c52768
_d52768